000
00282nam a22000977a 4500
999
_c
517184
_d
517184
082
_a
TNC B16x5444 K128
100
_a
Kamble,N.D.
_9
24632
245
_a
Rural growth and decline :
_b
A case study of selected villages
_c
By N.D. Kamble
260
_a
New Delhi
_b
Ashish
_c
1979
300
_a
143p.